Radical Hospitality. From Thought to Action.
Salvato in:
| Autori principali: | , |
|---|---|
| Natura: | Sconosciuto |
| Lingua: | inglese |
| Pubblicazione: |
New York, United States of America:
Fordham University Press,
2021.
|
| Edizione: | First edition. |
| Serie: | Perspectives in Continental Philosophy.
|
| Soggetti: | |
| Tags: |
Aggiungi Tag
Nessun Tag, puoi essere il primo ad aggiungerne!!
|
MARC
| LEADER | 00000 a2200000 4500 | ||
|---|---|---|---|
| 003 | CL-VaPUC | ||
| 005 | 20231106131247.0 | ||
| 008 | 231031t2021 ||||| |||| 00| 0 eng d | ||
| 999 | |c 442125 |d 442123 | ||
| 020 | |a 978-0-8232-9443-5 | ||
| 040 | |c Pontificia Universidad Católica de Valparaíso | ||
| 082 | |2 22 |a 177.1 KEA 2021 | ||
| 100 | |a Kearney, Richard |9 885210 |e author | ||
| 245 | |a Radical Hospitality. |b From Thought to Action. | ||
| 250 | |a First edition. | ||
| 260 | |a New York, United States of America: |b Fordham University Press, |c 2021. | ||
| 300 | |a X, 148 páginas. | ||
| 490 | |a Perspectives in Continental Philosophy. | ||
| 583 | |k GC |c 20231031 | ||
| 650 | 0 | |9 559817 |a Hospitalidad |x Filosofía contemporánea |x Aspectos éticos y morales | |
| 650 | 0 | |9 257711 |a Emigración e inmigración |x Aspectos filosóficos y éticos |x Psicología moral | |
| 650 | 0 | |9 317882 |a Inmigrantes |x Integración social |x Educación | |
| 700 | |a Fitzpatrick, Melissa |9 885456 |e author | ||
| 942 | |2 ddc |c BK | ||
| 952 | |0 0 |1 0 |2 ddc |4 0 |6 177_100000000000000_KEA_2021 |7 0 |8 A |9 592197 |a BIBTEO |b BIBTEO |c GEN |d 2023-10-31 |e 1 |g 37354.00 |i 5659249 |o 177.1 KEA 2021 |p 5659249 |r 2025-01-17 |t 1 |v 37354.00 |w 2023-10-31 |y BK |k ICR | ||